000 00342nam a22001457a 4500
008 210527b ||||| |||| 00| 0 eng d
020 _a2901457640079
041 _aeng
080 _23rd
_a82
082 _a82
100 _a21
101 _aGJL
245 _aActing out Culture Readings for Critical Inquiry
_cMiller,J.S
942 _2udc
_cBK
999 _c57715
_d57715